meilleur switch in a gorythmic sword dance en OU - Statistiques

Statistiques générales
  • Ce quiz a été pris 6 fois
  • Le résultat moyen est 5 sur 9
Statistiques - réponses
Hint Réponse % Correct
31%-36% gliss-herbe demeteros totemique
83%
20%-23% gliss'herbe mouscoto
83%
36%-44% gliss'herbe predasterie
83%
34%-40% surpuissance gorythmic
67%
29%-34% gliss'herbe brutalibre
50%
14%-17% sabotage dracolosse
50%
34%-40% surpuissance ekaiser
50%
35%-41% sabotage electhor
50%
35%-41% gliss'herbe electhor de galar
17%
Aucun quiz correspondant
Distribution des résultats
% des personnes avec chaque résultat
Percentile par nombre de réponses
Votre historique - résultats
Vous n’avez pas pris ce quiz